Science Quiz

Random Science or Animal Quiz

6-Letter Animals by Image Quiz Stats

 Plays Quiz Updated Mar 18, 2020

Support Sporcle.
Go Orange.
Score 0/20 Timer 04:00
2 Plays Today
Answer % Correct
Turtle
97.8%
Rabbit
97.1%
Walrus
95.3%
Donkey
95%
Turkey
94.9%
Beaver
94.1%
Toucan
86.9%
Badger
82%
Iguana
77.4%
Alpaca
73.7%
Answer % Correct
Jaguar
71.5%
Coyote
68.2%
Marlin
54.6%
Wombat
47.1%
Ocelot
41.9%
Caiman
36.3%
Gibbon
29.9%
Jackal
27.8%
Grouse
26.7%
Impala
24.1%

From the Vault

Sliced Map of the United States

by kfastic

Geography 10m
Luckily, none of these states is on the chopping block.
Remove Ads.
Support Sporcle.
Get the best of Sporcle when you Go Orange. This ad-free experience offers more features, more stats, and more fun while also helping to support Sporcle. Thank you for becoming a member.

Show Comments

Extras

Top Quizzes Today


Score Distribution

Your Account Isn't Verified!

In order to create a playlist on Sporcle, you need to verify the email address you used during registration. Go to your Sporcle Settings to finish the process.

Report this User

Report this user for behavior that violates our Community Guidelines.

Details: